Statistics for Things beginning with H

Click here to take the quiz!

General Stats

  • This quiz has been taken 54 times
  • The average score is 12 of 12

Answer Stats

Answer% Correct
hair
100%
ham
100%
hand
100%
heart
100%
horse
100%
house
100%
hamster
98%
hat
98%
honey
94%
hook
92%
hedgehog
90%
hose
82%

Score Distribution

Percentile by Number Answered

Percent of People with Each Score

Your Score History

You have not taken this quiz